000 01457nam a2200337 i 4500
001 83890
003 ES-MaACL
005 20251011063116.0
007 t|
008 041118m19161921sp af |||| |dspa d
080 _a929Enrique(460.18)IV
080 _a94(460.188 S.)"14"
080 _a7.041-055.2
080 _a94(460.351C.)
100 0 _aJaén, Antonio,
_d1879-1964
_965898
245 1 0 _aSerie de monografías de historia y arte.
260 _aSegovia :
_b[s.n.,
_c1916-1921] (
_fAntonio San Martín, imp.)
300 _a3 v. ;
_c18 cm.
505 8 _aContiene: v. 1 ;
_tSegovia y Enrique IV (144 p., 8 h. de lám.) - v. 2 ;
_tRetratos de mujeres: (estudio sintético de la evolución del retrato en la pintura española) (3 h., 199 p., 22 lám.) - v. 3 ;
_tResumen de historia de la ciudad de Córdoba (206 p., 3 h., 13 lám.)
595 _aEl v. 3 publicado en Córdoba : Imp. Diario de Córdoba, 1921.
600 0 7 _aEnrique,
_bIV,
_cRey de Castilla
_2
_9150161
650 4 _aMujeres-
_xEn el arte.
_9146791
650 4 _aPintura española-
_vHistoria.
_916037
651 4 _aSegovia-
_xHistoria-
_yS.XV.
_9150162
651 4 _aCórdoba-
_xHistoria.
_9137120
740 0 _aSegovia y Enrique IV.
740 0 _aRetratos de mujeres : (estudio sintético de la evolución del retrato en la pintura española)
740 0 _aResumen de historia de la ciudad de Córdoba.
852 _aES-MaACL
_jF-8184-86
999 _c83890
_d83890